Declaración de Managua

Salvato in:
Dettagli Bibliografici
Natura: testo
Tags: Aggiungi Tag
Nessun Tag, puoi essere il primo ad aggiungerne!!

MARC

LEADER 00000 a a2200000 04500
001 4988
003
040
245 |a Declaración de Managua 
773 |g número 38; páginas 39  
999 |c 33623  |d 33623